Central Library OPAC University of Rajshahi

Creating rural employment / (Record no. 43450)

MARC details
000 -LEADER
fixed length control field 00723nam a2200253 a 4500
001 - CONTROL NUMBER
control field 43450
003 - CONTROL NUMBER IDENTIFIER
rucl marc code BD-RjUL
005 - DATE AND TIME OF LATEST TRANSACTION
control field 20211209053711.0
008 - FIXED-LENGTH DATA ELEMENTS--GENERAL INFORMATION
fixed length control field 160622s1987 enka b 001 0 eng d
020 ## - INTERNATIONAL STANDARD BOOK NUMBER
International Standard Book Number 0709915578
035 ## - SYSTEM CONTROL NUMBER
System control number (BD-RjUL)43568
040 ## - CATALOGING SOURCE
Original cataloging agency BD-RjUL
Language of cataloging eng
Transcribing agency BD-RjUL
041 ## - LANGUAGE CODE
Language code of text/sound track or separate title eng
082 ## - DEWEY DECIMAL CLASSIFICATION NUMBER
Classification number 331.12042
Author mark and year KIC 1987
100 1# - MAIN ENTRY--PERSONAL NAME
Personal name Kinsey, B. H.
9 (RLIN) 133441
245 10 - TITLE STATEMENT
Title Creating rural employment /
Statement of responsibility, etc. B.H. Kinsey
260 ## - PUBLICATION, DISTRIBUTION, ETC. (IMPRINT)
Place of publication, distribution, etc. London :
Name of publisher, distributor, etc. Croom Helm,
Date of publication, distribution, etc. c1987
300 ## - PHYSICAL DESCRIPTION
Pagination 116 p :
Illustrations ill. ;
Size 22 cm
504 ## - BIBLIOGRAPHY, ETC. NOTE
Bibliography, etc Includes Bibliography: p. 107-112 and index
650 #0 - SUBJECT ADDED ENTRY--TOPICAL TERM
Topical term or geographic name as entry element Manpower policy, Rural
9 (RLIN) 133442
Topical term or geographic name as entry element Public service employment
9 (RLIN) 133443
942 ## - ADDED ENTRY ELEMENTS (KOHA)
Source of classification or shelving scheme Dewey Decimal Classification
Koha item type Books
Holdings
Lost status Source of classification or shelving scheme Damaged status Not for loan Collection code Permanent Location Current Location Shelving location Date acquired Source of acquisition Cost, normal purchase price Total Checkouts Full call number Date last seen Copy number Koha item type
  Dewey Decimal Classification     Non-fiction Central Library, University of Rajshahi Central Library, University of Rajshahi   30/07/1988 Mohin Brother 25.00   331.12042 KIC 1987 22/06/2016 C-2 Books